000
00309nam a2200121Ia 4500
008
190216s9999||||xx |||||||||||||| ||und||
100
_a
Bhusan Y K
245
0
_a
Fundamentals Of Business Organisation And Management
260
_b
Sulthan Chand&Sons
_c
1976
300
_a
923p
650
_a
Commerce
942
_c
BK
999
_c
5100
_d
5100